Normal view
MARC view
Entry Topical Term
001 - CONTROL NUMBER
- control field: 24935
003 - CONTROL NUMBER IDENTIFIER
- control field: ARRUPE
005 - DATE AND TIME OF LATEST TRANSACTION
- control field: 20160812104420.0
008 - FIXED-LENGTH DATA ELEMENTS
- fixed length control field: 160812|| aca||aabn | a|a d
040 ## - CATALOGING SOURCE
- Original cataloging agency: ARRUPE
- Transcribing agency: ARRUPE
150 ## - HEADING--TOPICAL TERM
- Topical term or geographic name as entry element: Nationalism and literature.
670 ## - SOURCE DATA FOUND
- Source citation: Work cat.: (ARRUPE)0: Ricard, Alain, 1945- 4275, Theatre and nationalism :, c1983.